Normal view MARC view
  • C.P.Sharma

Entry Personal Name

Number of records used in: 1

001 - CONTROL NUMBER

  • control field: 54136

003 - CONTROL NUMBER IDENTIFIER

  • control field: NUST

005 - DATE AND TIME OF LATEST TRANSACTION

  • control field: 20210421115910.0

008 - FIXED-LENGTH DATA ELEMENTS

  • fixed length control field: 210421|| aca||aabn | a|a d

040 ## - CATALOGING SOURCE

  • Original cataloging agency: NUST
  • Transcribing agency: NUST

100 ## - HEADING--PERSONAL NAME

  • Personal name: C.P.Sharma

670 ## - SOURCE DATA FOUND

  • Source citation: Work cat.: (NUST): C.P.Sharma, Engineering Materials Propertiesand Applications of metals and Alloys, 2004
© 2023 Central Library, National University of Sciences and Technology. All Rights Reserved.